| 000 | 00708cam a22002411 4500 | ||
|---|---|---|---|
| 001 | sa 65008816 | ||
| 003 | DLC | ||
| 005 | 20260227112158.0 | ||
| 008 | 890727s1962 ii d 001 0 malo | ||
| 010 | _asa 65008816 | ||
| 035 | _a(OCoLC)20081927 | ||
| 040 |
_aDLC _cWaU _dDLC |
||
| 042 | _apremarc | ||
| 050 | 0 | 0 |
_aPL4718.1 _b.I5 |
| 245 | 0 | 0 | _aInnatte Malayāḷa sāhityakāranmār. |
| 260 | _c1962. | ||
| 300 |
_aviii, 132 p. _c22 cm. |
||
| 500 | _aAdded t.p.: Who's who of Malayalam writers. | ||
| 500 | _aIn Malayalam; "Index" in English. | ||
| 650 | 0 |
_aAuthors, Malayalam _vDictionaries. |
|
| 710 | 2 | _aSouthern Languages Book Trust (Madras, India) | |
| 740 | 0 | _aWho's who of Malayalam writers. | |
| 999 |
_c65886 _d65886 |
||